Environmental and natural resource economics (Record no. 18512)

MARC details
000 -LEADER
fixed length control field 00609nam a22001937a 4500
008 - FIXED-LENGTH DATA ELEMENTS--GENERAL INFORMATION
fixed length control field 200921b xxu||||| |||| 00| 0 eng d
020 ## - INTERNATIONAL STANDARD BOOK NUMBER
International Standard Book Number 1138632301
050 ## - LIBRARY OF CONGRESS CALL NUMBER
Classification number HC79
Item number .T54 2018 c.1
100 ## - MAIN ENTRY--PERSONAL NAME
Personal name Tietenberg, Tom
245 ## - TITLE STATEMENT
Title Environmental and natural resource economics
Statement of responsibility, etc. Tom Tietenberg,
250 ## - EDITION STATEMENT
Edition statement 11th ed.
Remainder of edition statement International student edition
260 ## - PUBLICATION, DISTRIBUTION, ETC. (IMPRINT)
Place of publication, distribution, etc. New York
Name of publisher, distributor, etc. Routledge
Date of publication, distribution, etc. 2018
300 ## - PHYSICAL DESCRIPTION
Extent xxvii, 557p.
650 ## - SUBJECT ADDED ENTRY--TOPICAL TERM
Topical term or geographic name as entry element Environmental policy
650 ## - SUBJECT ADDED ENTRY--TOPICAL TERM
Topical term or geographic name as entry element Natural reosurces
Form subdivision government policy
650 ## - SUBJECT ADDED ENTRY--TOPICAL TERM
Topical term or geographic name as entry element Raw materials
Form subdivision government policy
700 ## - ADDED ENTRY--PERSONAL NAME
Personal name Lynne Lewis
942 ## - ADDED ENTRY ELEMENTS (KOHA)
Source of classification or shelving scheme Library of Congress Classification
Koha item type General Collection
Holdings
Withdrawn status Lost status Source of classification or shelving scheme Not for loan Home library Current library Date acquired Cost, normal purchase price Total Checkouts Full call number Barcode Date last seen Price effective from Koha item type
    Library of Congress Classification   Kabarak, Main Campus Kabarak, Main Campus 21/09/2020 5621.00   HC79 .T54 2018 c.1 030259 02/08/2024 21/09/2020 General Collection
    Library of Congress Classification   Kabarak, Main Campus Kabarak, Main Campus 21/09/2020 5621.00   HC79 .T54 2018 c.2 030260 02/08/2024 21/09/2020 General Collection
    Library of Congress Classification   Kabarak, Nakuru City Campus Kabarak, Nakuru City Campus 21/09/2020 5621.00   HC79 .T54 2018 c.1 030261 21/09/2020 21/09/2020 General Collection
Designed with assistance from East African Informatics Ltd